LEADER 01284nas 2200421- 450 001 996359946603316 005 20220407213023.0 011 $a2548-0170 035 $a(OCoLC)1198730138 035 $a(CKB)4100000011457458 035 $a(CONSER)--2022237777 035 $a(DE-599)ZDB3038908-2 035 $a(EXLCZ)994100000011457458 100 $a20200922a20169999 |-- - 101 0 $atur 181 $ctxt$2rdacontent 182 $cc$2rdamedia 183 $acr$2rdacarrier 200 00$aMimarl?k bilimleri ve uygulamalar? dergisi 210 1$aIsparta, Türkiye :$cSüleyman Demirel Üniversitesi,$d2016- 215 $a1 online resource 300 $aRefereed/Peer-reviewed 517 1 $aJournal of architectural sciences and applications 517 1 $aMBUD 517 1 $aJASA 531 0 $aMimar. bilim. uygul. derg. 606 $aArchitecture$vPeriodicals 606 $aArchitecture$vPériodiques 606 $aArchitecture$2fast$3(OCoLC)fst00813346 608 $aPeriodicals.$2fast 615 0$aArchitecture 615 6$aArchitecture 615 7$aArchitecture. 712 02$aSüleyman Demirel Üniversitesi, 906 $aJOURNAL 912 $a996359946603316 996 $aMimarl?k bilimleri ve uygulamalar? dergisi$92806478 997 $aUNISA LEADER 01433nam a2200313 i 4500 001 991003095849707536 008 071206s2005 it 000 0 ita d 020 $a8871432576 035 $ab13628598-39ule_inst 040 $aSet. Economia - SAGA$bita 082 04$a333.79 100 1 $aLucangelo, Rossella$0626970 245 10$aEnergia & ICT :$bil grande legame invisibile /$cRossella Lucangelo, Enrico Salsi, Irene Rossi ; prefazioni a cura di Marco Esposito e Alessandro Musumeci 246 3 $aEnergia e ICT 260 $aMilano :$bBE-MA,$c2005 300 $a140 p. ;$c24 cm 504 $aBibliografia: p. 138-140 650 04$aAziende industriali$xInnovazioni tecnologiche 650 04$aEnergia elettrica$xImpiego industriale 650 04$aAziende industriali$xSicurezza$xGestione 700 1 $aSalsi, Enrico$eauthor$4http://id.loc.gov/vocabulary/relators/aut$0738893 700 1 $aRossi, Irene$eauthor$4http://id.loc.gov/vocabulary/relators/aut$0738894 907 $a.b13628598$b19-12-16$c06-12-07 912 $a991003095849707536 945 $aLE025 ECO 333.7 LUC01.01$g1$i2025000213937$lle025$nInvoice n. 38177, 28/12/2006$og$pE19.50$q-$rl$s- $t0$u7$v3$w7$x0$y.i14629392$z06-12-07 945 $aLE006 621.3.5 LUC$g1$i2006000172776$lle006$og$pE19.50$q-$rl$s- $t0$u0$v0$w0$x0$y.i1579202x$z19-12-16 996 $aEnergia & ICT$91463722 997 $aUNISALENTO 998 $ale025$ale006$b06-12-07$cm$da $e-$fita$git $h0$i0